| 000 | 00711cam a22002534a 4500 | ||
|---|---|---|---|
| 999 |
_c140196 _d140196 |
||
| 003 | UPN | ||
| 005 | 20230602063554.0 | ||
| 008 | 081121s2005 mx r 000 1 spa d | ||
| 020 | _a9702408113 | ||
| 035 | _aUPN01000168088 | ||
| 040 |
_aUPN _bspa _cUPN |
||
| 049 | _aCG | ||
| 050 | 4 |
_aPQ7298.13 A3.3 _bP6.2 |
|
| 100 | 1 |
_aCadena, Agustín, _d1963- _936380 |
|
| 245 | 1 | 4 |
_aLos pobres de espíritu / _cAgustín Cadena. |
| 260 |
_aMéxico : _bNueva Imagen, _c2005. |
||
| 300 | _a163 p. | ||
| 490 | 0 | _aPlaza mayor | |
| 586 | _aPremio Nacional de Cuento San Luis Potosí 2004 | ||
| 650 | 4 |
_aLiteratura mexicana _ySiglo XX _95344 |
|
| 650 | 4 |
_aCuentos mexicanos _96937 |
|
| 905 | _aLibro | ||
| 942 |
_2lcc _cLIBRO |
||